000 00628nam a22002057a 4500
005 20251108163345.0
008 250721s1994 xx 000 0 ara d
082 1 4 _a320.01/راس
100 1 _aراسل، برتراند
245 1 0 _aالسلطة و الفرد /
264 1 _aالقاهرة :
_bالهيئة المصرية العامة للكتاب،
_c1994.
300 _a118ص
490 0 _aالألف كتاب الثاني ؛144
650 1 7 _aالعلوم السياسية
650 1 7 _aالفلسفة
650 1 7 _aالدولة
700 1 _aعاشور، لطيفة
_eترجمة
942 _2ddc
_cBK
999 _c642
_d642